[Event "20th EUR-ch"]
[Site "Skopje MKD"]
[Date "2019.03.26"]
[Round "8"]
[White "Klabis, Rokas"]
[Black "Marinskii, Yurii"]
[Result "1/2-1/2"]
[WhiteElo "2333"]
[BlackElo "2156"]
[EventDate "2019.03.18"]
[Board "146"]
[PlyCount "63"]

1.e4 c5 2.Nf3 d6 3.Bb5+ Bd7 4.Bxd7+ Qxd7 5.O-O Nc6 6.c3 d5 7.exd5 Qxd5 8.
d4 e6 9.Be3 cxd4 10.cxd4 Nf6 11.Nc3 Qa5 12.Rc1 Be7 13.Qb3 Qb4 14.Qxb4 Nxb4
15.Bg5 Nfd5 16.a3 Bxg5 17.Nxg5 Nd3 18.Rb1 N3f4 19.Nge4 Nxc3 20.bxc3 b6 21.
g3 Ne2+ 22.Kg2 f5 23.Rfe1 Nxd4 24.Ng5 h6 25.Nxe6 Nxe6 26.Rxe6+ Kf7 27.Re5 
g6 28.a4 Rhe8 29.Reb5 Rac8 30.a5 bxa5 31.Rxa5 Re7 32.Rb3 1/2-1/2

[Event "20th EUR-ch"]
[Site "Skopje MKD"]
[Date "2019.03.26"]
[Round "8"]
[White "Miloi, Pavel-Dan"]
[Black "Pastar, Slaven"]
[Result "0-1"]
[WhiteElo "2119"]
[BlackElo "2324"]
[EventDate "2019.03.18"]
[Board "147"]
[PlyCount "48"]

1.e4 b6 2.d4 Bb7 3.Nd2 e6 4.Ngf3 c5 5.c3 Nf6 6.Bd3 d5 7.e5 Ne4 8.Qe2 Nxd2 
9.Bxd2 Be7 10.O-O a5 11.Ne1 h5 12.Bb5+ Bc6 13.a4 g6 14.Nc2 Bxb5 15.Qxb5+ 
Kf8 16.c4 dxc4 17.Rad1 cxd4 18.Qxc4 Nd7 19.Nxd4 Rc8 20.Nxe6+ fxe6 21.Qxe6 
Qe8 22.Bc3 Nc5 23.Qxb6 Nxa4 24.Qxa5 Rc5 {70...} 0-1

[Event "20th EUR-ch"]
[Site "Skopje MKD"]
[Date "2019.03.26"]
[Round "8"]
[White "Tomashevskaya, Lidia"]
[Black "Dedebas, Emre Emin"]
[Result "0-1"]
[WhiteElo "2112"]
[BlackElo "2319"]
[EventDate "2019.03.18"]
[Board "148"]
[PlyCount "58"]

1.e4 e5 2.Nf3 Nc6 3.Bb5 a6 4.Ba4 Nf6 5.Qe2 b5 6.Bb3 Bc5 7.c3 O-O 8.O-O d6 
9.Rd1 Bb6 10.h3 h6 11.d4 Re8 12.d5 Ne7 13.Nbd2 Ng6 14.Nf1 Nh5 15.Be3 Ngf4 
16.Qd2 Qf6 17.Bxb6 cxb6 18.Ne1 Bxh3 19.Ng3 Bg4 20.Nxh5 Bxh5 21.f3 Qg5 22.
Kf1 f5 23.Bc2 Bg6 24.Qe3 Rf8 25.exf5 Bxf5 26.Bxf5 Qxf5 27.Qxb6 e4 28.Rd2 
exf3 29.Nxf3 Nxg2 0-1

[Event "20th EUR-ch"]
[Site "Skopje MKD"]
[Date "2019.03.26"]
[Round "8"]
[White "Angun, Batu"]
[Black "Rabatin, Jakub"]
[Result "1/2-1/2"]
[WhiteElo "2076"]
[BlackElo "2313"]
[EventDate "2019.03.18"]
[Board "149"]
[PlyCount "55"]

1.d4 g6 2.c4 Bg7 3.Nf3 c5 4.d5 f5 5.Qc2 Nf6 6.Nc3 d6 7.g3 O-O 8.Bg2 Na6 9.
O-O Rb8 10.a3 Nc7 11.b4 b6 12.Bb2 e5 13.dxe6 Bxe6 14.Rad1 Qe7 15.Qd3 Rbd8 
16.Ng5 Bc8 17.Nh3 Ng4 18.Nd5 Nxd5 19.Bxd5+ Kh8 20.Bxg7+ Qxg7 21.Qd2 Ne5 
22.b5 Rfe8 23.a4 h6 24.Bc6 Rf8 25.Bd5 a5 26.bxa6 Bxa6 27.Nf4 Bc8 28.Ng2 
1/2-1/2

[Event "20th EUR-ch"]
[Site "Skopje MKD"]
[Date "2019.03.26"]
[Round "8"]
[White "Terziev, Dimo"]
[Black "Gueci, Tea"]
[Result "0-1"]
[WhiteElo "2041"]
[BlackElo "2252"]
[EventDate "2019.03.18"]
[Board "150"]
[PlyCount "32"]

1.e4 e6 2.d3 c5 3.Nf3 Nc6 4.g3 g6 5.Bg2 Bg7 6.O-O Nge7 7.c3 e5 8.Be3 d6 9.
h3 O-O 10.d4 exd4 11.cxd4 d5 12.e5 cxd4 13.Nxd4 Nxd4 14.Qxd4 Nc6 15.Qf4 
Qb6 16.Nc3 Be6 {78....0-1} 0-1

[Event "20th EUR-ch"]
[Site "Skopje MKD"]
[Date "2019.03.26"]
[Round "8"]
[White "Jarvenpaa, Jari"]
[Black "Aydincelebi, Kagan"]
[Result "0-1"]
[WhiteElo "2243"]
[BlackElo "2115"]
[EventDate "2019.03.18"]
[Board "151"]
[PlyCount "64"]

1.e4 c5 2.c3 d5 3.exd5 Qxd5 4.Nf3 Nc6 5.d4 Bf5 6.Be3 cxd4 7.Nxd4 Nf6 8.
Nxf5 Qxf5 9.Qa4 a6 10.Be2 e6 11.g4 Qd5 12.O-O Bd6 13.Nd2 b5 14.Qc2 h5 15.
Bf3 Bxh2+ 16.Kg2 Qd6 17.Ne4 Nxe4 18.Qxe4 Rc8 19.Rad1 Qb8 20.Bc5 Qc7 21.Rh1
Be5 22.Bd4 Nxd4 23.cxd4 Bd6 24.gxh5 Qe7 25.Qg4 Qf6 26.d5 Rc4 27.Be4 Bc5 
28.Rd2 Rxe4 29.Qxe4 Qg5+ 30.Kf3 Qxd2 31.dxe6 O-O 32.Kg4 Qd4 0-1

[Event "20th EUR-ch"]
[Site "Skopje MKD"]
[Date "2019.03.26"]
[Round "8"]
[White "Ingebretsen, Jens E"]
[Black "Kacakovski, Dimitar"]
[Result "1-0"]
[WhiteElo "2243"]
[BlackElo "2043"]
[EventDate "2019.03.18"]
[Board "152"]
[PlyCount "46"]

1.c4 e6 2.g3 d5 3.Bg2 Nf6 4.Nf3 Be7 5.O-O d4 6.e3 c5 7.exd4 cxd4 8.d3 Nc6 
9.Bf4 Nd7 10.Qe2 Nc5 11.Na3 O-O 12.Nc2 a5 13.g4 Re8 14.Bg3 Bd6 15.Bxd6 
Qxd6 16.Rad1 e5 17.h3 Ne6 18.Rfe1 Nf4 19.Qd2 Bd7 20.Re4 Nxg2 21.Kxg2 f5 
22.gxf5 Bxf5 23.Ree1 h6 {110....1-0} 1-0

[Event "20th EUR-ch"]
[Site "Skopje MKD"]
[Date "2019.03.26"]
[Round "8"]
[White "Birkholz, Olga"]
[Black "Heinemann, Josefine"]
[Result "0-1"]
[WhiteElo "2037"]
[BlackElo "2238"]
[EventDate "2019.03.18"]
[Board "153"]
[PlyCount "62"]

1.d4 Nf6 2.Nc3 d5 3.Bg5 Nbd7 4.Nf3 h6 5.Bf4 a6 6.h3 e6 7.g4 c5 8.e3 b5 9.
Bg2 Bb7 10.O-O Be7 11.a4 cxd4 12.exd4 b4 13.Ne2 Ne4 14.a5 Rc8 15.Nd2 O-O 
16.Nxe4 dxe4 17.Ng3 f5 18.Bd2 Rc4 19.c3 bxc3 20.bxc3 Bd5 21.gxf5 exf5 22.
Qh5 Be6 23.Bxh6 Bf7 24.Qxf5 gxh6 25.Nxe4 Nf6 26.Rab1 Nd5 27.Qg4+ Kh8 28.
Qe2 Nf4 29.Qe3 Bg5 30.Kh1 Nxg2 31.Qg3 Nh4 0-1

[Event "20th EUR-ch"]
[Site "Skopje MKD"]
[Date "2019.03.26"]
[Round "8"]
[White "Vetokhin, Savva"]
[Black "Di Benedetto, Desiree"]
[Result "0-1"]
[WhiteElo "2022"]
[BlackElo "2236"]
[EventDate "2019.03.18"]
[Board "154"]
[PlyCount "56"]

1.e4 e6 2.d4 d5 3.Nd2 c5 4.Ngf3 cxd4 5.Nxd4 Nc6 6.Bb5 Bd7 7.Nxc6 bxc6 8.
Bd3 Qc7 9.Qe2 Ne7 10.Nf3 Ng6 11.e5 Be7 12.h4 f6 13.exf6 gxf6 14.Bh6 Nf4 
15.Bxf4 Qxf4 16.g3 Qd6 17.O-O e5 18.Rfe1 O-O-O 19.c4 e4 20.cxd5 exd3 21.
Qxe7 Qxd5 22.Nd2 Rhe8 23.Qxf6 Bh3 24.Qf3 Qxf3 25.Nxf3 Rxe1+ 26.Rxe1 d2 27.
Nxd2 Rxd2 28.Re7 Rd7 0-1

[Event "20th EUR-ch"]
[Site "Skopje MKD"]
[Date "2019.03.26"]
[Round "8"]
[White "Azadaliyev, Jahandar"]
[Black "Tsvetkov, Andrey"]
[Result "0-1"]
[WhiteElo "1863"]
[BlackElo "2322"]
[EventDate "2019.03.18"]
[Board "155"]
[PlyCount "78"]

1.d4 Nf6 2.c4 e6 3.Nc3 Bb4 4.g3 O-O 5.Bg2 d5 6.Nf3 dxc4 7.O-O Nc6 8.Bg5 h6
9.Bxf6 Qxf6 10.e3 Rb8 11.Nd2 Bxc3 12.bxc3 Na5 13.f4 b5 14.Rb1 Qe7 15.Qe2 
Bd7 16.Nf3 c5 17.Ne5 Rfd8 18.g4 Be8 19.Be4 Nb7 20.Bc6 a6 21.Bxe8 Qxe8 22.
g5 cxd4 23.exd4 h5 24.g6 fxg6 25.Kh1 Nd6 26.Rg1 Nf5 27.Rxg6 b4 28.Rbg1 Rb7
29.Qg2 Rc7 30.Qg5 bxc3 31.Rxe6 Qxe6 32.Qxd8+ Kh7 33.Qxc7 Qd5+ 34.Rg2 c2 
35.Nd3 cxd3 36.h3 c1=Q+ 37.Qxc1 Nh4 38.Qd2 Qxg2+ 39.Qxg2 Nxg2 0-1

[Event "20th EUR-ch"]
[Site "Skopje MKD"]
[Date "2019.03.26"]
[Round "8"]
[White "Janjic, Stefan"]
[Black "Chittka, Julius"]
[Result "1-0"]
[WhiteElo "2086"]
[BlackElo "2288"]
[EventDate "2019.03.18"]
[Board "156"]
[PlyCount "65"]

1.d4 Nf6 2.Nf3 g6 3.Bg5 Bg7 4.Nbd2 d5 5.e3 O-O 6.Bd3 c5 7.c3 b6 8.O-O Bb7 
9.a4 Nc6 10.Rb1 Re8 11.b4 Qc8 12.bxc5 bxc5 13.Qb3 Nd8 14.Bb5 Rf8 15.Qa3 
Ne6 16.Bh4 Ba6 17.Rb2 Bxb5 18.Rxb5 Qa6 19.Rfb1 Rfc8 20.h3 Bf8 21.Qa2 Ne8 
22.Bg3 Nd6 23.R5b2 cxd4 24.cxd4 Nc4 25.Nxc4 Rxc4 26.a5 Rac8 27.Kh2 Rc1 28.
Rxc1 Rxc1 29.Qxd5 Qf1 30.Be5 Ra1 31.Qa8 Rxa5 32.d5 Nc5 33.Qxf8+ 1-0

[Event "20th EUR-ch"]
[Site "Skopje MKD"]
[Date "2019.03.26"]
[Round "8"]
[White "Gebigke, Martin"]
[Black "Stoinev, Metodi"]
[Result "0-1"]
[WhiteElo "2078"]
[BlackElo "2215"]
[EventDate "2019.03.18"]
[Board "157"]
[PlyCount "71"]

1.d4 d5 2.c4 c6 3.Nf3 Nf6 4.Nc3 a6 5.e3 g6 6.b3 Bg7 7.Bb2 O-O 8.h3 Bf5 9.
Nh4 Be6 10.Bd3 c5 11.dxc5 Qa5 12.a3 dxc4 13.b4 Qc7 14.Bc2 Nc6 15.Nf3 h6 
16.Na4 Rad8 17.Qe2 Nd7 18.Bxg7 Kxg7 19.O-O Nde5 20.Rad1 Rxd1 21.Rxd1 Rd8 
22.Ne1 Rxd1 23.Qxd1 Nd7 24.Be4 Nf6 25.Bf3 Ne5 26.Be2 g5 27.Nf3 Nxf3+ 28.
Bxf3 Nd7 29.Qd4+ f6 30.Qe4 Ne5 31.Qxb7 Nxf3+ 32.Qxf3 Qd7 33.Nb6 Qd2 34.c6 
c3 35.c7 c2 36.Qc6 0-1

[Event "20th EUR-ch"]
[Site "Skopje MKD"]
[Date "2019.03.26"]
[Round "8"]
[White "Schnabel, Ralf"]
[Black "Konstantinov, Aleksandar"]
[Result "1-0"]
[WhiteElo "2205"]
[BlackElo "2079"]
[EventDate "2019.03.18"]
[Board "158"]
[PlyCount "53"]

1.e4 e5 2.Nf3 Nc6 3.Bb5 a6 4.Ba4 Nf6 5.d3 b5 6.Bb3 Bc5 7.c3 d6 8.Bg5 h6 9.
Bh4 g5 10.Bg3 Bg4 11.Nbd2 Rb8 12.h3 Bh5 13.h4 Rg8 14.hxg5 hxg5 15.Qe2 Qe7 
16.Nf1 Nd8 17.Ne3 Ne6 18.Nf5 Qd7 19.O-O-O Qc6 20.Kb1 Ba7 21.d4 Nf4 22.Bxf4
gxf4 23.dxe5 Rxg2 24.exf6 Rxf2 25.Rxh5 Rxe2 26.Rh8+ Kd7 27.Ne5# 1-0

[Event "20th EUR-ch"]
[Site "Skopje MKD"]
[Date "2019.03.26"]
[Round "8"]
[White "Milikow, Yoav"]
[Black "Peycheva, Gergana"]
[Result "1-0"]
[WhiteElo "2200"]
[BlackElo "2065"]
[EventDate "2019.03.18"]
[Board "159"]
[PlyCount "63"]

1.d4 Nf6 2.c4 e6 3.Nc3 Bb4 4.e3 O-O 5.Ne2 Re8 6.a3 Bf8 7.Ng3 d5 8.Be2 b6 
9.cxd5 exd5 10.O-O Bb7 11.b4 c6 12.Qb3 Nbd7 13.Bd2 g6 14.Bd3 h5 15.f3 h4 
16.Nge2 Bh6 17.Qc2 Nf8 18.e4 Bxd2 19.Qxd2 c5 20.Bb5 N8d7 21.Nxd5 Nxd5 22.
exd5 cxb4 23.axb4 Bxd5 24.Nc3 Bb7 25.d5 Re5 26.Rfe1 Rxe1+ 27.Rxe1 Nf6 28.
d6 h3 29.Re7 Bc8 30.Bc4 Be6 31.Bxe6 fxe6 32.Qh6 1-0

[Event "20th EUR-ch"]
[Site "Skopje MKD"]
[Date "2019.03.26"]
[Round "8"]
[White "Veljanoski, Andrej"]
[Black "Ongut, Tamas Gunes"]
[Result "0-1"]
[WhiteElo "2063"]
[BlackElo "2197"]
[EventDate "2019.03.18"]
[Board "160"]
[PlyCount "73"]

1.e4 c5 2.Nf3 e6 3.d4 cxd4 4.Nxd4 a6 5.Be3 Nf6 6.Bd3 e5 7.Nb3 d5 8.N1d2 d4
9.Bg5 h6 10.Bxf6 Qxf6 11.O-O Be7 12.f4 exf4 13.Qf3 Nc6 14.Qxf4 Qxf4 15.
Rxf4 Be6 16.Rff1 O-O 17.Nf3 Rfd8 18.e5 Rac8 19.Be4 Bg4 20.Bxc6 bxc6 21.
Nbxd4 c5 22.Ne2 Bxf3 23.gxf3 Rd2 24.Nc3 Rxc2 25.Rf2 Rxf2 26.Kxf2 c4 27.Re1
Bc5+ 28.Kg3 Rb8 29.Re2 Kf8 30.Kf4 Rd8 31.Rc2 g5+ 32.Kg4 Kg7 33.Ne4 Bd4 34.
Rxc4 Bxe5 35.Nxg5 hxg5 36.Kxg5 Rd6 37.f4 0-1

[Event "20th EUR-ch"]
[Site "Skopje MKD"]
[Date "2019.03.26"]
[Round "8"]
[White "Trisha, Kanyamarala"]
[Black "De Seroux, Camille"]
[Result "1-0"]
[WhiteElo "2061"]
[BlackElo "2160"]
[EventDate "2019.03.18"]
[Board "161"]
[PlyCount "73"]

1.d4 Nf6 2.c4 e6 3.Nf3 Bb4+ 4.Bd2 Qe7 5.g3 Nc6 6.Nc3 O-O 7.Bg2 Na5 8.c5 
Nc6 9.a3 Bxc3 10.Bxc3 Ne4 11.Qc2 Nxc3 12.Qxc3 b6 13.b4 Ba6 14.a4 Bb7 15.a5
a6 16.O-O bxa5 17.bxa5 Na7 18.Rfe1 f5 19.Ne5 Bxg2 20.Kxg2 f4 21.Nd3 Nb5 
22.Qc4 fxg3 23.hxg3 Qf6 24.d5 exd5 25.Qxd5+ Kh8 26.Rh1 Rae8 27.Rxh7+ Kxh7 
28.Rh1+ Qh6 29.Rxh6+ gxh6 30.Qxd7+ Kg8 31.Nf4 Rb8 32.Qe6+ Rf7 33.Qg6+ Rg7 
34.Qxa6 Nd4 35.Nh5 Re7 36.Qg6+ Kf8 37.Qf6+ 1-0

[Event "20th EUR-ch"]
[Site "Skopje MKD"]
[Date "2019.03.26"]
[Round "8"]
[White "Dwilewicz, Katarzyna"]
[Black "Mihov, Filip"]
[Result "0-1"]
[WhiteElo "2040"]
[BlackElo "2152"]
[EventDate "2019.03.18"]
[Board "162"]
[PlyCount "46"]

1.d4 d5 2.c4 dxc4 3.e3 e5 4.Bxc4 exd4 5.Nf3 Bd6 6.exd4 Nf6 7.O-O O-O 8.h3 
h6 9.Nc3 Nc6 10.Nb5 Bf5 11.Nxd6 Qxd6 12.b3 Rad8 13.Bb2 Be4 14.Re1 Qf4 15.
Qd2 Qf5 16.Be2 Nd5 17.Rac1 Nf4 18.Qe3 Rfe8 19.Rc5 Bd5 20.Qd2 Re6 21.Bc1 
Nxh3+ 22.gxh3 Qxh3 23.Rxd5 Rxd5 0-1

[Event "20th EUR-ch"]
[Site "Skopje MKD"]
[Date "2019.03.26"]
[Round "8"]
[White "Andolfatto, Maria"]
[Black "Risteski, Emil"]
[Result "0-1"]
[WhiteElo "2033"]
[BlackElo "2132"]
[EventDate "2019.03.18"]
[Board "163"]
[PlyCount "76"]

1.Nf3 f5 2.c4 Nf6 3.g3 g6 4.Bg2 Bg7 5.Nc3 O-O 6.O-O d6 7.d4 Qe8 8.Re1 e5 
9.dxe5 dxe5 10.e4 fxe4 11.Ng5 Nc6 12.Nd5 Qd8 13.Nxf6+ Qxf6 14.Nxe4 Qf7 15.
Be3 Nd4 16.Ng5 Qf6 17.Kh1 c6 18.c5 Bf5 19.Ne4 Bxe4 20.Bxe4 Rad8 21.Qc1 Qe6
22.Kg2 Qg4 23.Bg5 Rd7 24.h3 Qe6 25.Be3 Rdf7 26.Rf1 Ne2 27.Qc2 Nf4+ 28.Bxf4
exf4 29.Bf3 fxg3 30.fxg3 Qe5 31.Rab1 Qg5 32.h4 Qe3 33.Rbe1 Qd4 34.b3 Rf5 
35.Rc1 Qe3 36.Be2 Rf2+ 37.Rxf2 Rxf2+ 38.Kh3 Qxe2 0-1

[Event "20th EUR-ch"]
[Site "Skopje MKD"]
[Date "2019.03.26"]
[Round "8"]
[White "Sekelja, Marko"]
[Black "Hadzi-Manev, Ljubomir"]
[Result "1/2-1/2"]
[WhiteElo "2120"]
[BlackElo "2030"]
[EventDate "2019.03.18"]
[Board "164"]
[PlyCount "46"]

1.e4 c6 2.d4 d5 3.e5 c5 4.c3 Nc6 5.Be3 Nh6 6.a3 Nf5 7.Nf3 e6 8.Bd3 g6 9.
Bxf5 gxf5 10.O-O b6 11.Ng5 Qc7 12.Qh5 h6 13.Nd2 hxg5 14.Qxh8 f4 15.h4 Ba6 
16.Rfe1 fxe3 17.fxe3 gxh4 18.b4 O-O-O 19.Qxh4 Bd3 20.Rac1 c4 21.e4 Ne7 22.
exd5 Nxd5 23.Ne4 Qe7 1/2-1/2

[Event "20th EUR-ch"]
[Site "Skopje MKD"]
[Date "2019.03.26"]
[Round "8"]
[White "Velkovski, Kristijan"]
[Black "Ivanova, Karina"]
[Result "1-0"]
[WhiteElo "2003"]
[BlackElo "2114"]
[EventDate "2019.03.18"]
[Board "165"]
[PlyCount "81"]

1.e4 c6 2.d4 d5 3.exd5 cxd5 4.Bd3 Nc6 5.c3 g6 6.Nf3 Nh6 7.O-O f6 8.Re1 Nf7
9.h3 Bg7 10.c4 O-O 11.cxd5 Nb4 12.Nc3 Re8 13.Bc4 Nd6 14.Bb3 b5 15.Qe2 Qb6 
16.Bf4 Bd7 17.Ne4 Na6 18.Rac1 Nc7 19.Nc5 Bc8 20.Rc3 a5 21.a3 a4 22.Ba2 b4 
23.axb4 Ncb5 24.Re3 Ra7 25.Qd1 Nc7 26.Rxe7 Rxe7 27.Rxe7 Bf8 28.Bxd6 Qxd6 
29.Ne4 Bxe7 30.Nxd6 Bxd6 31.Nd2 Kg7 32.Ne4 Bxb4 33.Qe2 Bd7 34.d6 Ne6 35.
Bxe6 Bxe6 36.Qb5 Ba5 37.Nc5 Bd5 38.d7 Bd8 39.Qb8 Ra8 40.Qd6 Bf7 41.Nb7 1-0

[Event "20th EUR-ch"]
[Site "Skopje MKD"]
[Date "2019.03.26"]
[Round "8"]
[White "Ivankovic, Ivo"]
[Black "Bytyqi, Gzim"]
[Result "0-1"]
[WhiteElo "2109"]
[BlackElo "1994"]
[EventDate "2019.03.18"]
[Board "166"]
[PlyCount "111"]

1.c4 c5 2.Nf3 Nf6 3.g3 g6 4.Bg2 Bg7 5.O-O O-O 6.Nc3 Nc6 7.d4 d5 8.dxc5 d4 
9.Nb5 e5 10.Nd2 Bf5 11.Nd6 Qd7 12.Qa4 Bh3 13.b4 a6 14.Bb2 Rfb8 15.N2e4 
Bxg2 16.Kxg2 Nxe4 17.Nxe4 f5 18.Nd2 h5 19.Qb3 Kh7 20.f3 h4 21.a4 Nd8 22.
Rfd1 Ne6 23.Nf1 b6 24.cxb6 Rxb6 25.Ne3 f4 26.Nd5 fxg3 27.hxg3 Rd6 28.Rh1 
g5 29.gxh4 g4 30.Qc2+ Kg8 31.Qe4 Rxd5 32.cxd5 Nf4+ 33.Kf1 Rf8 34.h5 Qd6 
35.Ba3 d3 36.e3 Ne2 37.b5 Ng3+ 38.Kg1 Nxe4 39.Bxd6 Nxd6 40.h6 Bf6 41.fxg4 
Nc4 42.e4 a5 43.Rh3 d2 44.Rf3 Nb2 45.Rff1 Be7 46.Rfb1 Bc5+ 47.Kh1 Bd4 48.
g5 Kh7 49.Kg2 Kg6 50.Rh1 Nc4 51.h7 Bxa1 52.Rxa1 d1=Q 53.Rxd1 Ne3+ 54.Kg3 
Nxd1 55.d6 Nc3 56.b6 0-1

[Event "20th EUR-ch"]
[Site "Skopje MKD"]
[Date "2019.03.26"]
[Round "8"]
[White "Karaoglan, Kivanc"]
[Black "Asllani, Muhamet"]
[Result "1-0"]
[WhiteElo "1943"]
[BlackElo "2105"]
[EventDate "2019.03.18"]
[Board "167"]
[PlyCount "98"]

1.e4 e5 2.Nc3 Nc6 3.Bc4 Nf6 4.d3 h6 5.a3 Bc5 6.f4 d6 7.f5 a6 8.Nf3 b5 9.
Ba2 Bb7 10.Nd5 Nd4 11.Nxf6+ Qxf6 12.c3 Nc6 13.g4 Qe7 14.Qe2 O-O-O 15.b4 
Bb6 16.Be3 Bxe3 17.Qxe3 g6 18.Kf2 Nb8 19.h4 h5 20.fxg6 fxg6 21.Qg5 Qe8 22.
gxh5 gxh5 23.Qf5+ Nd7 24.Ke3 Rf8 25.Qe6 Kb8 26.Qxe8 Rdxe8 27.Ng5 Rf4 28.
Bf7 Rf8 29.Raf1 Nf6 30.Rxf4 exf4+ 31.Kxf4 Nh7 32.Rf1 Nf6 33.Kg3 Nd7 34.d4 
c5 35.Rf5 cxd4 36.cxd4 Rh8 37.e5 dxe5 38.dxe5 Nb6 39.e6 Nd5 40.Nh3 Kc7 41.
Nf4 Ne7 42.Rxh5 Rd8 43.Rc5+ Kd6 44.h5 Be4 45.Ng6 Bb1 46.Rc1 Ba2 47.Rd1+ 
Kc7 48.Rxd8 Kxd8 49.Kf4 Bb1 1-0

[Event "20th EUR-ch"]
[Site "Skopje MKD"]
[Date "2019.03.26"]
[Round "8"]
[White "Trajkovski, Mile"]
[Black "Filip, Andrei"]
[Result "1-0"]
[WhiteElo "2105"]
[BlackElo "1894"]
[EventDate "2019.03.18"]
[Board "168"]
[PlyCount "53"]

1.e4 e6 2.d4 d5 3.Nc3 Nf6 4.Bg5 Bb4 5.e5 h6 6.Bxf6 gxf6 7.Qh5 c5 8.a3 Qa5 
9.Ne2 cxd4 10.axb4 Qxa1+ 11.Nd1 Nc6 12.exf6 Qa4 13.b5 Qxb5 14.Nxd4 Qa5+ 
15.b4 Qxb4+ 16.c3 Qb6 17.Bb5 Bd7 18.Bxc6 bxc6 19.O-O Qd8 20.Qe5 Qb8 21.Qh5
Qf4 22.Nf3 Qxf6 23.Ne5 Rg8 24.f4 Rh8 25.Ne3 Ke7 26.Qe2 Kd6 27.Qa6 1-0

[Event "20th EUR-ch"]
[Site "Skopje MKD"]
[Date "2019.03.26"]
[Round "8"]
[White "Batkoski, Nenad"]
[Black "Caglar, Sila"]
[Result "0-1"]
[WhiteElo "1846"]
[BlackElo "2094"]
[EventDate "2019.03.18"]
[Board "169"]
[PlyCount "74"]

1.b4 e6 2.Bb2 Nf6 3.a3 a5 4.b5 d5 5.Nf3 Bc5 6.d4 Bd6 7.c4 dxc4 8.e3 b6 9.
Nbd2 Bb7 10.Nxc4 O-O 11.Bd3 Ne4 12.h4 f5 13.Bxe4 fxe4 14.Ng5 Qf6 15.Qe2 
Bd5 16.O-O-O Nd7 17.Rdf1 h6 18.Nh3 e5 19.Kb1 Qe6 20.Rc1 Rac8 21.Rhd1 exd4 
22.Rxd4 Nc5 23.Nxd6 Ba2+ 24.Kc2 cxd6 25.Kd1 Qb3+ 26.Ke1 Nd3+ 27.Rxd3 exd3 
28.Qd2 Rxc1+ 29.Qxc1 Qc4 30.Qxc4+ Bxc4 31.a4 Bb3 32.Bd4 Rb8 33.Nf4 Bxa4 
34.Nd5 Bxb5 35.Bxb6 Bc4 36.Ne7+ Kf7 37.Nf5 Rxb6 0-1

[Event "20th EUR-ch"]
[Site "Skopje MKD"]
[Date "2019.03.26"]
[Round "8"]
[White "Martinov, Levko"]
[Black "Huttl, Sofie"]
[Result "1/2-1/2"]
[WhiteElo "2225"]
[BlackElo "1741"]
[EventDate "2019.03.18"]
[Board "170"]
[PlyCount "27"]

1.c4 e5 2.Nc3 Nf6 3.g3 d5 4.cxd5 Nxd5 5.Bg2 Nb6 6.Nf3 Nc6 7.O-O Be7 8.d3 
Be6 9.b3 O-O 10.Nd2 Nd5 11.Bb2 Nxc3 12.Bxc3 Bd5 13.Nf3 Bf6 14.Rc1 1/2-1/2

[Event "20th EUR-ch"]
[Site "Skopje MKD"]
[Date "2019.03.26"]
[Round "8"]
[White "Chigaeva, Anastasia"]
[Black "Roch, Florian"]
[Result "1-0"]
[WhiteElo "2167"]
[BlackElo "1916"]
[EventDate "2019.03.18"]
[Board "171"]
[PlyCount "45"]

1.d4 Nf6 2.c4 e5 3.dxe5 Ng4 4.e3 Nxe5 5.Nh3 Bb4+ 6.Bd2 a5 7.Be2 Ra6 8.Nc3 
Rh6 9.Nf4 Na6 10.a3 Bd6 11.Ne4 b6 12.Bc3 Bb7 13.Qc2 Bxe4 14.Qxe4 Nc5 15.
Qf5 Rf6 16.Qg5 h6 17.Qxg7 Rf8 18.Qh7 c6 19.Rd1 Qe7 20.O-O a4 21.Qc2 Nb3 
22.Bd3 Nxd3 23.Bxf6 1-0

[Event "20th EUR-ch"]
[Site "Skopje MKD"]
[Date "2019.03.26"]
[Round "8"]
[White "Kocyigit, Buse Naz"]
[Black "Pantovic, Dragan M"]
[Result "0-1"]
[WhiteElo "1973"]
[BlackElo "2063"]
[EventDate "2019.03.18"]
[Board "172"]
[PlyCount "148"]

1.e4 e5 2.Nf3 Nc6 3.Bb5 a6 4.Ba4 Nf6 5.O-O Be7 6.Re1 b5 7.Bb3 d6 8.c3 O-O 
9.h3 Bb7 10.d4 Re8 11.Nbd2 Bf8 12.Bc2 h6 13.Nf1 exd4 14.cxd4 Nb4 15.Bb1 
Bxe4 16.Bxe4 Nxe4 17.a3 Nd5 18.Qc2 Nef6 19.Bd2 Qd7 20.Ng3 g6 21.Nh4 Bg7 
22.f4 Rxe1+ 23.Rxe1 Re8 24.Rc1 Nh7 25.Nf3 c5 26.dxc5 dxc5 27.Qxc5 Bxb2 28.
Qc6 Qxc6 29.Rxc6 Bxa3 30.Rxa6 Bc5+ 31.Kf1 b4 32.Ra5 Ne3+ 33.Bxe3 Bxe3 34.
Ne2 Rb8 35.Re5 Ba7 36.Re7 Bc5 37.Rc7 Bf8 38.Nfd4 b3 39.Rc1 Nf6 40.Rb1 Ne4 
41.Ke1 Bb4+ 42.Kd1 Nf2+ 43.Kc1 Nd3+ 44.Kd1 b2 45.Kc2 Ne1+ 46.Kxb2 Bd6+ 47.
Ka2 Ra8+ 48.Kb3 Nxg2 49.f5 g5 50.Nb5 Be5 51.Kc4 Kg7 52.Kd5 Kf6 53.Nbd4 Ra6
54.Ke4 Nh4 55.Rb5 Bxd4 56.Nxd4 Rd6 57.Rc5 h5 58.Rc8 Nxf5 59.Nxf5 Re6+ 60.
Kf3 Kxf5 61.Rc3 Re5 62.Rb3 Ra5 63.Rc3 f6 64.Rb3 g4+ 65.hxg4+ hxg4+ 66.Kg3 
Kg5 67.Rc3 f5 68.Rc2 f4+ 69.Kh2 Kh4 70.Kg2 Ra3 71.Rc8 Ra2+ 72.Kf1 Kg3 73.
Rf8 f3 74.Ke1 f2+ 0-1

[Event "20th EUR-ch"]
[Site "Skopje MKD"]
[Date "2019.03.26"]
[Round "8"]
[White "Bejatovic, Bojana"]
[Black "Miftari, Hedon"]
[Result "1-0"]
[WhiteElo "2058"]
[BlackElo "1527"]
[EventDate "2019.03.18"]
[Board "173"]
[PlyCount "75"]

1.e4 c5 2.Nf3 Nc6 3.d3 e6 4.Nbd2 Nf6 5.g3 Be7 6.Bg2 O-O 7.O-O d5 8.e5 Nd7 
9.Re1 Qc7 10.Qe2 b5 11.Nf1 a5 12.h4 Ba6 13.Bf4 b4 14.Ne3 Nb6 15.Ng4 c4 16.
Nf6+ Bxf6 17.exf6 Qd8 18.fxg7 Re8 19.Ng5 Qf6 20.Be4 h6 21.Bh7+ Kxg7 22.Qg4
hxg5 23.Bxg5 Qd4 24.Qh5 Kf8 25.Be3 Qxb2 26.Bc5+ Ne7 27.d4 Kg7 28.Bxb6 Ng6 
29.Bxg6 fxg6 30.Qe5+ Kh6 31.Rac1 Qc3 32.Qg5+ Kh7 33.h5 gxh5 34.Qxh5+ Kg7 
35.Re5 Qd2 36.Rg5+ Kf8 37.Qh6+ Ke7 38.Rg7+ 1-0

[Event "20th EUR-ch"]
[Site "Skopje MKD"]
[Date "2019.03.26"]
[Round "8"]
[White "Hart, Alexander"]
[Black "Krstev, Emil"]
[Result "0-1"]
[WhiteElo "1885"]
[BlackElo "2050"]
[EventDate "2019.03.18"]
[Board "174"]
[PlyCount "96"]

1.Nf3 f5 2.e4 fxe4 3.Ng5 Nc6 4.Nxe4 e6 5.d4 Nf6 6.Ng3 b6 7.Bd3 Nxd4 8.Bxh7
Rxh7 9.Qxd4 Ba6 10.Nc3 Bc5 11.Qa4 Bb7 12.O-O Bc6 13.Qc4 d5 14.Qd3 Qd7 15.
Bg5 O-O-O 16.a4 Rdh8 17.h4 a5 18.Nb5 Kb7 19.Rae1 Ng4 20.Qg6 e5 21.Nf5 d4 
22.Ng3 Qd5 23.Qe4 Rxh4 24.Qxd5 Bxd5 25.Bxh4 Rxh4 26.Na3 Nh2 27.Rxe5 Nxf1 
28.Nxf1 Bc6 29.Nc4 Rg4 30.Ng3 d3 31.cxd3 Rxg3 32.Nxa5+ bxa5 33.Rxc5 Rxg2+ 
34.Kf1 Rg4 35.Rxa5 Bxa4 36.b3 Bc6 37.Ke1 Kb6 38.Re5 Rd4 39.Kd2 Bb5 40.Re3 
Rf4 41.Re6+ c6 42.Ke3 Rb4 43.d4 Rxb3+ 44.Kf4 Bc4 45.Re7 Bd5 46.Re2 Rf3+ 
47.Ke5 Kc7 48.Rb2 g6 0-1

[Event "20th EUR-ch"]
[Site "Skopje MKD"]
[Date "2019.03.26"]
[Round "8"]
[White "Taleski, Vaso"]
[Black "Bajrami, Zejno"]
[Result "0-1"]
[WhiteElo "1677"]
[BlackElo "1938"]
[EventDate "2019.03.18"]
[Board "175"]
[PlyCount "65"]

1.e4 e5 2.Nf3 Nc6 3.Bc4 Bc5 4.c3 Nf6 5.d3 O-O 6.O-O h6 7.b4 Bb6 8.a4 a6 9.
a5 Ba7 10.Be3 d6 11.h3 Ne7 12.Bxa7 Rxa7 13.Nbd2 Ng6 14.d4 Qe7 15.Ne1 Nf4 
16.Nd3 N6h5 17.Nxf4 Nxf4 18.Nf3 Qf6 19.Kh2 Qg6 20.Nh4 Qxe4 21.Re1 Qc6 22.
Qb3 g5 23.d5 Qd7 24.Nf3 Nxg2 25.Nxg5 Nxe1 26.Ne6 Nf3+ 27.Kh1 fxe6 28.dxe6 
Qe7 29.Bd5 c6 30.Bxf3 Rxf3 31.Rg1+ Kf8 32.Qd1 Rxh3+ 33.Kg2 0-1

[Event "20th EUR-ch"]
[Site "Skopje MKD"]
[Date "2019.03.26"]
[Round "8"]
[White "Markovski, Velo"]
[Black "Petrovic, Lazar"]
[Result "1-0"]
[WhiteElo "1935"]
[BlackElo "1690"]
[EventDate "2019.03.18"]
[Board "176"]
[PlyCount "109"]

1.e4 c5 2.Nf3 d6 3.d4 cxd4 4.Nxd4 Nf6 5.Nc3 a6 6.Bg5 e5 7.Nf3 Be7 8.Qd2 b5
9.Bxf6 Bxf6 10.Qd5 Ra7 11.Be2 Bb7 12.Qd2 Be7 13.h4 h5 14.O-O-O Qb6 15.Ng5 
Qd8 16.Qe3 Nc6 17.f4 Ra8 18.Nd5 Nd4 19.Rxd4 exd4 20.Qxd4 Bf6 21.Nxf6+ Qxf6
22.e5 dxe5 23.fxe5 Qg6 24.Bd3 Qh6 25.Qb4 Bxg2 26.Rg1 Bd5 27.Kb1 Qb6 28.Rf1
Rc8 29.e6 Bxe6 30.Nxe6 fxe6 31.Bg6+ Kd8 32.Rd1+ Kc7 33.Qf4+ Kb7 34.Be4+ 
Rc6 35.Qf7+ Kb8 36.Bxc6 Qxc6 37.Qxg7 Rc8 38.Qe5+ Kb7 39.c3 b4 40.Rd6 Qh1+ 
41.Kc2 Qxh4 42.Rd7+ Ka8 43.Qd6 Qc4 44.Qe7 Qc6 45.Rd6 Qb7 46.Qxe6 Ka7 47.
Rd7 Rc7 48.Qe3+ Ka8 49.Qe8+ Ka7 50.Rd8 bxc3 51.Qe3+ Qb6 52.Ra8+ Kxa8 53.
Qxb6 Rb7 54.Qxa6+ Kb8 55.Qd6+ 1-0